000 004060000a22001690004500
003 MACL
005 20151230120001.0
008 151230b xxu||||| |||| 00| 0 eng d
040 _aMACL
_cMACL
041 _aEnglish
082 _a294/BAR
100 _aBarnett, L D
_924630
245 _aThe Path of Light
260 _bJohn Murray
_c1909
_aLondon
650 _aReligion
_924631
942 _cBK
_k294/BAR
_2ddc
999 _c38762
_d38762